| 000 | 00582nam a2200229Ia 4500 | ||
|---|---|---|---|
| 008 | 200601s9999 xx 000 0 und d | ||
| 020 | _a978-0-471-96229-8 | ||
| 050 | _aREF DP 14 | ||
| 050 | _b.P67 2006 | ||
| 100 | _aPorter, Darwin. | ||
| 245 | 0 | _aSpain 2007 / | |
| 245 | 0 | _cDarwin Porter, Danforth Prince. | |
| 260 | _aNew Jersey : | ||
| 260 | _bWiley Publishing, | ||
| 260 | _c2006 | ||
| 300 | _a690 pages : | ||
| 300 | _billustrations (some color) ; | ||
| 300 | _c21 cm. | ||
| 440 | _aFrommer's | ||
| 500 | _aIncludes index. | ||
| 650 | _aSpain -- Guidebooks. | ||
| 999 |
_c363287 _d363287 |
||